White Ferrari lyrics - Frank Ocean - Statistics

General Stats
  • This quiz has been taken 1,082 times
  • The average score is 129 of 255
Answer Stats
Answer % Correct
I
97%
a
94%
Ferrari
94%
Ferrari,
94%
white
94%
White
94%
the
92%
to
92%
you
92%
You
92%
go
86%
We
86%
on
85%
time
80%
good
78%
Good
78%
We're
78%
were
78%
we're
78%
so
77%
So
77%
was
75%
what
74%
your
74%
Mind
72%
road,
72%
talk
72%
care
71%
these
70%
eyes
69%
familiar
69%
me,
69%
me
69%
rides
68%
clouds
66%
In
66%
in
66%
Watch
66%
16,
65%
Bad
65%
Had
65%
luck
65%
my
65%
dilated
64%
how
64%
know
63%
supposed
62%
didn't
61%
let
61%
and
60%
And
60%
out
60%
at
59%
Central
59%
of
59%
float,
58%
both
57%
close
55%
That
55%
that
55%
state
54%
times
54%
plain
53%
for
51%
anything?
48%
this
48%
mouth
47%
no
47%
by
46%
Kept
45%
I'm
43%
(Sweet
43%
closed
42%
taller
42%
body
41%
dimension
40%
it
39%
fine
38%
life,
38%
life
38%
say
38%
small
38%
year,
38%
another
37%
mention
37%
not
37%
sure
37%
worth
37%
still
36%
is
35%
take
35%
will
35%
do
34%
forever
34%
speed,
33%
deal,
32%
got
32%
text
32%
when
32%
part
31%
day
30%
Stick
30%
just
29%
Spending
29%
too
29%
each
28%
left
28%
speak
28%
Texas
28%
be
27%
its
27%
It's
27%
many
27%
speech,
27%
tired
26%
magic
25%
slow
25%
That's
25%
that's
25%
You're
25%
movin',
24%
One
24%
achin'
23%
honest
23%
over
23%
there
23%
Eventually,
22%
eventually,
22%
forgot
22%
matter
22%
places
22%
could
21%
here
21%
here,
21%
toll
20%
all
19%
If
19%
lesser
19%
years
19%
yes
19%
body's
18%
takes
17%
Basic
16%
facelift
16%
speeds
16%
there's
16%
think
16%
us
16%
isn't
15%
about
14%
Can't
14%
Clearly
14%
vacay,
14%
eyelids
13%
given
13%
been
12%
But
12%
tattooed
12%
doing
11%
hold
11%
okay
11%
Some
11%
they
11%
what's
11%
dream
10%
naked
10%
walls
10%
Ah,
9%
Primal
8%
call
7%
free
6%
imprisoned
6%
it'll
5%
least
5%
roam
5%
skull,
4%
No matching quizzes found
Score Distribution
Percent of People with Each Score
Percentile by Number Answered
Your Score History
You have not taken this quiz